000 01189nam a2200241 i 4500
001 51152
003 ES-MaACL
005 20250806085402.0
008 221124s1851 sp 000 0 spa
080 _a616-089
100 1 _aRuiz Jiménez, Ciriaco María.
_9159236
245 1 0 _aDiscursos pronunciados en la sesión aniversario sesto [sic] celebrada el 9 de noviembre de 1851 /
_cpor el secretario de gobierno D. Ciriaco María Ruiz Giménez y por D. Bonifacio Montejo Robledo.
260 _aMadrid :
_bAcademia Quirúrgica Matritense,
_c1851 (
_fImp. de la Sociedad Tipográfica-Editorial)
300 _a50 p. ;
_c21 cm.
505 8 _aContiene: Catálogo... alfabético de los señores socios... Catálogo de las obras de que consta la Biblioteca . Catálogo de los ejemplares que existen en el Gabinete.
594 _aTít. del discurso de Bonifacio Montejo Robledo: Del error en cirujía [sic], p. [11]-28
610 2 4 _aAcademia Quirúrgica Matritense.
_9175870
650 7 _aCirugía
_2embne
_911050
700 1 _aMontejo y Robledo, Bonifacio.
_9130087
710 2 _aAcademia Quirúrgica Matritense.
_9175870
852 4 _aES-MaACL
_jT-34-F-7
999 _c51152
_d51152